000 00820nam a2200229Ii 4500
003 JO-AjNU
008 230605s9999||||xx |||||||||||||| ||und||
017 _a2003/8/1722
020 _a9957-18-002-9
040 _aJO-AjNU
_bara
_erda
_cJO-AjNU
041 _aara
050 1 4 _aHF5415.R8286 2004
100 3 _aيوسف، ردينة عثمان، م.مشارك محمود جاسم الصميدعي,
_eauthor
_957111
245 0 0 _aتكنولوجيا التسويق
250 _aط1
264 3 1 _aعمان: دار المناهج للنشر والتوزيع، 2004
300 _a304ص
_bيحتوي ببلوغرافية من ص 299-304ص
336 _atext
_btxt
_2rdacontent
337 _aunmediated
_bn
_2rdamedia
338 _avolume
_bnc
_2rdacarrier
650 4 _aالتسويق - معالجة بيانات
_957112
999 _aA25573
_c29141
_d29141